01238ngm a2200349 4500003000400000005001700004007000400021008004100025010002000066024002200086035002000108040001300128082001500141245007200156246000600228260002800234300005000262440003300312500014000345500006300485538004900548538012500597650001900722700001700741700001900758700002200777700001800799700001800817700001700835700001900852700001700871dpl20081125102151.0DVD||||||sp199 xxu|||||c ||| 00| 0 ng d  aDVD-001325-1327 aDHIF0662SRc45.00 aDVD-001325-1327 aDPLcDPL aDVD / JAAN aJaane Bhi Do YarocN. F. D. C. FilmsPresentsh[videorecording] DVD/ a. bMoserbaer Entertainment a1 videodisc DVD;bsd., col. ;c4 3/4 in.fDVD aMoserbaer Home Entertainment aMoserbaer India Ltd. has obtained the necessary licence/conssent from the owner of the copyright in the wroks for making this DVD Film. aWinner of Filmfare Awarad- Best Comedian: Naseeruddin Shah aDolby Digital 5.1 - Hindi Subtitles: English aThis DVD can be played back on DVD Players, multimedia systems & PC with MPEG card interactive with version 2.0 players. aMotion Picture aShah, Kundan aBhatia, Vanraj aShah, Naseeruddin aBaswani, Ravi aBarve, Bhakti aShah, Satish aKapoor, Pankaj aGupta, Neena